Člověk v drsné přírodě /

Main Author: Pavlíček, Jaroslav, 1943-
Language: Czech
Published: Praha : Olympia, 1987
Edition: 1.vyd.
Series: Kondice
Online Access: Digitalizovaný dokument
Physical Description: 134 s.
Book
Saved in:
LEADER 01069nam a2200313 a 4500
001 000024620
003 CZ BrMZK
005 20230113070525.0
007 ta
008 950707s1987 xr f cze d
015 |a cnb000033743 
035 |a (OCoLC)39426244 
040 |a BOA001  |b cze 
080 9 |a 796.51 
100 1 |a Pavlíček, Jaroslav,  |d 1943-  |7 xx0003914  |4 aut 
245 1 0 |a Člověk v drsné přírodě /  |c Jaroslav Pavlíček 
250 |a 1.vyd. 
260 |a Praha :  |b Olympia,  |c 1987 
300 |a 134 s. 
490 1 |a Kondice 
504 |a Obsahuje bibliografii 
830 0 |a Kondice  |0 s 
856 4 1 |u http://www.digitalniknihovna.cz/mzk/uuid/uuid:b260abb0-6538-11e2-9d9f-005056827e52  |y Digitalizovaný dokument  |x NDK 
910 |a BOA001  |b PK-0105.193  |b 2-0923.495 
920 |a 000106041 
964 |a Člověk - příroda - pobyt 
990 |a BK 
996 7 |b 2619997566  |c 2-0923.495  |l MZK  |r Sklad / do 1 hodiny  |n 11  |w 000024620  |u 000020  |a 1  |e BOA001  |j MZK50  |s A 
996 7 |b 3119997728  |c PK-0105.193  |l MZK  |r Sklad / do 1 hodiny  |n 16  |w 000024620  |u 000010  |a 1  |e BOA001  |j MZK50  |s A